000 00289nam a2200121Ia 4500
005 20251222143201.0
008 251222s9999||||xx |||||||||||||| ||spa||
082 _a658.404/A59G
100 _aAndía Valencia, Walter
245 0 _aGerencia de Proyectos:
264 _bLucero
942 _cLIB
999 _c13064
_d13064